000 00733nai a2200193Ia 4500
003 IN-BaIIA
008 211028c9999 xx s 000 0 eng d
022 _a2168-0515 (Online)
022 _a2168-0523 (Print)
040 _cIIA Library
245 0 _aIRE Professional Group on Antennas and Propagation Newsletter
_h[eJournal]
260 _aNew York, USA
_bThe Institute of Electrical and Electronics Engineers, Inc. (IEEE)
310 _aBiannualy
362 _a1(1); 1958 - 5(2); 1962
521 _bSubscribed through National Knowledge Resource Consortium (NKRC)
650 _aFields, Waves and Electromagnetics
856 _uhttps://ieeexplore.ieee.org/servlet/opac?punumber=8235
_yClick Here to Access eJournal
942 _cEJ
999 _c34900
_d34900